00355pab a2200133 454500008004000000100002000040245005400060260000900114300001300123362001000136650002000146650002100166773003400187180718b2015 xxu||||| |||| 00| 0 eng d aThomas, Alex M. aEconomic survey 2014-15: growth policy and theory c2015 ap.62-65. a8 Aug aEconomic growth aEconomic surveys aEconomic and Political Weekly